000 00336 a2200109 4500
001 ART_45080
005 20260410162038.0
008 260409a
245 1 0 _aEl Mercosur profesional
100 1 _aSolanas, Facundo
773 0 _tRevista de estudios regionales y mercado de trabajo
_g- NÂș 5 (ene./dic. 2009)
_wREV44894
999 _c34650
_d34650